000
00307nam a2200121Ia 4500
005
20251028132345.0
008
251020t2010||||xx |||||||||||||| ||spa||
041
_a
spa
100
_a
Franciskovic Ingunza, Beatriz A.
245
0
_a
Manual del curso de derecho de obligaciones
260
_c
2010
942
_C
LB
_c
LB
999
_c
924
_d
924